000 00594nam a2200229Ia 4500
005 20250508165150.0
008 008 250505s9999 xx 000 0 eng d
020 _a81-7014-290-3
037 _aTextual
040 _aFEDL
_beng
_cFEDL
041 _aeng
_2eng
084 _a541.3, CAS
_qFEDL
100 _aCastellan Gilbert W
245 0 _aPhysical chemistry
250 _a3
260 _aNew Delhi, India
_bNarosa Publishing House I
_c1996
300 _axxix,943p.
365 _aINR
_b295
546 _aRSPEE
942 _cTEXL
_h541.3, CAS
999 _c1393535
_d1393535